Dictionary of Natural Products.Volume 6 : Name Index, Molecular Formula Index, Chemical Abstracts Service Registry, Number Index

Guardado en:
Detalles Bibliográficos
Formato: Libro
Lenguaje:inglés
Publicado: London : Chapman and Hall, 1994
Etiquetas: Agregar Etiqueta
Sin Etiquetas, Sea el primero en etiquetar este registro!

MARC

LEADER 00000nam a22000003a 4500
001 stu23015
005 20150408181355.7
008 941220s1994----uk------------------eng-d
020 |a 0-412-46620-1 
040 |a STU  |b slo 
041 0 |a eng 
044 |a uk 
080 |a 547.9(03) 
245 |a Dictionary of Natural Products.Volume 6 :  |b Name Index, Molecular Formula Index, Chemical Abstracts Service Registry, Number Index 
260 |a London :  |b Chapman and Hall,  |c 1994 
300 |a 1341 s 
996 |b C93406  |c C*93406  |l CCIV  |s P  |a 0  |w stu23015_0001